Vrai ou Faux ? #1 Culture G - Statistiques

Statistiques générales
  • Ce quiz a été pris 148 fois
  • Le résultat moyen est 7 sur 10
Statistiques - réponses
Question Réponse % Correct
Le mont Blanc est le sommet le plus haut du monde. Faux
98%
Les tomates sont scientifiquement des fruits, pas des légumes. Vrai
98%
Cléopâtre vivait plus près de l'invention de l'iPhone que de la construction de la pyramide de Gizeh. Vrai
83%
Le record de longévité d'un requin du Groenland peut avoisiner les 300 ans. Vrai
76%
Le sang des limules est de couleur bleue. Vrai
74%
Istanbul est la seule ville au monde à être sur deux continents à la fois. Vrai
64%
La grande muraille de Chine est visible depuis la Lune à l'œil nu. Faux
63%
Le Sahara est le plus grand désert du monde. Faux
62%
Napoléon Bonaparte était extrêmement petit pour son époque. Faux
56%
Il y a plus d'arbres sur Terre que d'étoiles dans la voie Lactée. Vrai
17%
Aucun quiz correspondant
Distribution des résultats
% des personnes avec chaque résultat
Percentile par nombre de réponses
Votre historique - résultats
Vous n’avez pas pris ce quiz